000 01236nam a2200277Ia 4500
001 ebr10114333
003 CaPaEBR
006 m u
007 cr cn|||||||||
008 020712s2003 quca sb 001 0 eng d
020 _z0660190281
040 _aCaPaEBR
_cCaPaEBR
035 _a(OCoLC)228136579
050 1 4 _aQA76.88
_b.I58 2003eb
245 0 0 _aHigh performance computing systems and applications and OSCAR symposium
_h[electronic resource] /
_cInternational Symposium on High Performance Computing Systems and Applications (17th : 2003 : Sherbrooke, Quebec).
246 3 _aEbusiness and echallenges
260 _aQuebec :
_bNRC Research Press,
_cc2003.
300 _ax, 318 p. :
_bill.
504 _aIncludes bibliographical references and index.
533 _aElectronic reproduction.
_bPalo Alto, Calif. :
_cebrary,
_d2009.
_nAvailable via World Wide Web.
_nAccess may be limited to ebrary affiliated libraries.
650 0 _aHigh performance computing
_vCongresses.
650 0 _aElectronic data processing.
655 7 _aElectronic books.
_2local
710 2 _aebrary, Inc.
856 4 0 _uhttp://site.ebrary.com/lib/rucke/Doc?id=10114333
_zAn electronic book accessible through the World Wide Web; click to view
999 _c210197
_d210197